[Event "SRI-chT"]
[Site "Colombo"]
[Date "2023.07.29"]
[Round "2.4"]
[White "Arachchi, CSA"]
[Black "Perera, HA Lisanda Vinsith"]
[Result "0-1"]
[WhiteElo "1426"]
[BlackElo "1364"]
[PlyCount "108"]
[EventDate "2023.07.28"]
[EventType "team-tourn"]
[EventRounds "9"]
[EventCountry "SRI"]
[SourceTitle "CBM 215 Extra"]
[Source "ChessBase"]
[SourceDate "2023.09.30"]
[SourceVersion "1"]
[SourceVersionDate "2023.09.30"]
[SourceQuality "1"]
[WhiteTeam "Mayor CC"]
[BlackTeam "Maroons CC"]
[WhiteTeamCountry "SRI"]
[BlackTeamCountry "SRI"]

1. e4 d6 2. Nc3 Nf6 3. f4 g6 4. Nf3 Bg7 5. Bc4 c6 6. Bb3 0-0 7. d3 b5 8. 0-0 a5 9. a4 b4 10. Ne2 Qb6+ 11. Kh1 Nbd7 12. Qe1 Bb7 13. Qh4 Qc7 14. f5 d5 15. fxg6 fxg6 16. Bh6 Ne5 17. Ng5 Bxh6 18. Qxh6 Nf7 19. Nxf7 Rxf7 20. Qg5 Raf8 21. Rf3 e6 22. Raf1 Nh5 23. Nd4 Qd7 24. Qe5 Rxf3 25. Rxf3 Rxf3 26. gxf3 Ng7 27. f4 c5 28. Nb5 c4 29. dxc4 dxc4 30. Bxc4 Qd1+ 31. Kg2 Qxc2+ 32. Kg1 Qxc4 33. Nd6 Qc1+ 34. Kf2 Qc2+ 35. Kg1 Qc7 36. Qd4 Qd7 37. Qb6 Bc6 38. e5 Nf5 39. Qxa5 Nxd6 40. exd6 Qxd6 41. Qg5 Qd4+ 42. Kf1 Qd1+ 43. Kf2 Qf3+ 44. Kg1 Qh1+ 45. Kf2 Qf3+ 46. Kg1 Qd1+ 47. Kf2 Qd4+ 48. Kf1 Bxa4 49. b3 Bxb3 50. f5 Bc4+ 51. Kg2 Qe4+ 52. Kg3 Qe5+ 53. Kg2 Bd5+ 54. Kh3 Qxf5+ 0-1

[Event "Colombo Mercantile op 11th"]
[Site "Colombo"]
[Date "2023.05.01"]
[Round "7"]
[White "Abewardhana, AABDP"]
[Black "Arachchi, CSA"]
[Result "1-0"]
[WhiteElo "1634"]
[BlackElo "1400"]
[PlyCount "93"]
[EventDate "2023.04.28"]
[EventType "swiss"]
[EventRounds "7"]
[EventCountry "SRI"]
[SourceTitle "CBM 214 Extra"]
[Source "ChessBase"]
[SourceDate "2023.07.31"]
[SourceVersion "1"]
[SourceVersionDate "2023.07.31"]
[SourceQuality "1"]

1. c4 e6 2. Nf3 d5 3. b3 f5 4. Bb2 Nf6 5. e3 c6 6. Nc3 Bd6 7. Be2 0-0 8. d4 Ne4 9. Qc2 Nd7 10. g3 Ndf6 11. Nd2 Nxd2 12. Qxd2 Ne4 13. Qc2 Qg5 14. f4 Qh6 15. Nxe4 fxe4 16. 0-0-0 Bd7 17. h4 c5 18. Kb1 Rac8 19. Qd2 Bc6 20. Rc1 b6 21. Ba3 Bb7 22. Rc2 Rfd8 23. cxd5 exd5 24. Rhc1 cxd4 25. Rxc8 Rxc8 26. Rxc8+ Bxc8 27. Bxd6 Qxd6 28. Qxd4 Qc5 29. Qxc5 bxc5 30. Kc2 d4 31. exd4 cxd4 32. Bc4+ Kf8 33. Bd5 Bf5 34. g4 Bxg4 35. Bxe4 Kf7 36. Kd3 Ke6 37. Kxd4 h6 38. b4 Kd6 39. Bc2 Kc6 40. a4 Kd6 41. b5 Bd7 42. Bd3 Bc8 43. a5 Bd7 44. Bc4 Be8 45. b6 axb6 46. axb6 Kc6 47. Bb5+ 1-0

[Event "Colombo Mercantile op 11th"]
[Site "Colombo"]
[Date "2023.04.30"]
[Round "5"]
[White "Koswatte, CT."]
[Black "Arachchi, CSA"]
[Result "1/2-1/2"]
[WhiteElo "1582"]
[BlackElo "1400"]
[PlyCount "83"]
[EventDate "2023.04.28"]
[EventType "swiss"]
[EventRounds "7"]
[EventCountry "SRI"]
[SourceTitle "CBM 214 Extra"]
[Source "ChessBase"]
[SourceDate "2023.07.31"]
[SourceVersion "1"]
[SourceVersionDate "2023.07.31"]
[SourceQuality "1"]

1. d4 d5 2. Bf4 e6 3. e3 Bd6 4. Bg3 f5 5. Nf3 Nf6 6. c4 c6 7. Nc3 0-0 8. Bd3 Ne4 9. c5 Bc7 10. a3 Nd7 11. Ne2 Ndf6 12. Bxc7 Qxc7 13. Ne5 Nxc5 14. b4 Ncd7 15. Nf3 Ne4 16. Nf4 Ndf6 17. Rc1 Bd7 18. Ne5 Qd8 19. f3 Nd6 20. h4 Qe8 21. h5 Nf7 22. Qe2 Bc8 23. Nxf7 Rxf7 24. Qf2 e5 25. Ne2 e4 26. Bb1 Re7 27. Kd2 Nxh5 28. Rce1 f4 29. Nxf4 Nxf4 30. exf4 Bf5 31. g4 e3+ 32. Rxe3 Rxe3 33. Qxe3 Qxe3+ 34. Kxe3 Re8+ 35. Kd2 Bxb1 36. Rxb1 a6 37. Rh1 g6 38. Re1 Rf8 39. Ke3 Kf7 40. Rh1 Kg7 41. Rb1 Re8+ 42. Kf2 1/2-1/2

[Event "Negombo op 3rd"]
[Site "Negambo"]
[Date "2017.08.23"]
[Round "7"]
[White "Arachchi, CSA"]
[Black "Dabarera, GWDM"]
[Result "0-1"]
[WhiteElo "1291"]
[BlackElo "1730"]
[PlyCount "56"]
[EventDate "2017.08.20"]
[EventType "swiss"]
[EventRounds "10"]
[EventCountry "SRI"]
[SourceTitle "CBM 180 Extra"]
[Source "ChessBase"]
[SourceDate "2017.10.06"]
[SourceVersion "1"]
[SourceVersionDate "2017.10.06"]
[SourceQuality "1"]

1. e4 e5 2. Nf3 Nc6 3. Bc4 Nf6 4. Ng5 d5 5. exd5 b5 6. Bf1 Nd4 7. c3 Nf5 8. Bxb5+ Bd7 9. Qa4 Bd6 10. Bxd7+ Nxd7 11. Ne4 0-0 12. Nxd6 Nxd6 13. 0-0 Nc5 14. Qd1 Nd3 15. Qe2 e4 16. b3 Qg5 17. Qe3 Qxd5 18. c4 Qe5 19. Nc3 f5 20. f3 f4 21. Qe2 Qd4+ 22. Kh1 Rae8 23. Ba3 e3 24. Nb5 Nxb5 25. Bxf8 Kxf8 26. cxb5 Nf2+ 27. Kg1 Nd3 28. Rfd1 exd2+ 0-1